Answers Contain "After" - Statistics

General Stats
  • This quiz has been taken 603 times
    200 since last reset
  • The average score is 9 of 20
Answer Stats
Hint Answer % Correct
Heaven or hell afterlife
98%
A get-together following the main event after-party
94%
Smaller quake following a major earthquake aftershock
83%
The placenta when discharged from the uterus afterbirth
68%
The consequences of a significant unpleasant event aftermath
64%
Contraceptive pill actually effective for 72 hours morning-after pill
61%
1983 Cyndi Lauper song ("If you fall, I will catch you") Time After Time
54%
A book's concluding section, usually not by the author afterword
53%
A chocolate thin mint made by Nestlé After Eight
42%
1998 Drew Barrymore film based on Cinderella Ever After
40%
Part of some jet engines, aka a reheat afterburner
38%
2015 Jojo Moyes novel, the sequel to Me Before You After You
36%
2013: Widely-panned apocalyptic Will Smith movie After Earth
32%
1985 Scorsese film, or 2020 The Weeknd album After {Hours}
32%
2004 climate change disaster film with Dennis Quaid The Day After Tomorrow
32%
2010 Shrek film (the fourth in the series) Shrek Forever After
26%
2008 Coen Brothers comedy (John Malkovich, Brad Pitt) Burn After Reading
17%
1970 Neil Young album and song After the {Gold} {Rush}
13%
2004 Murakami novel, or 90s flying toasters screensaver After {Dark}
11%
1997: second and final album by the Notorious B.I.G Life After Death
8%
No matching quizzes found
Score Distribution
Percent of People with Each Score
Percentile by Number Answered
Your Score History
You have not taken this quiz since the last reset